000 00266nam a22001217a 4500
008 171027b xxu||||| |||| 00| 0 eng d
041 _aeng
080 _a336
100 _a56
101 _aFIN
245 _aCASE PROBLEMS IN FINANCE
_cBUTTERS, J.K
942 _2udc
_cBK
999 _c36144
_d36144